Statistics for Brawl Stars Brawlers - Supports

Click here to take the quiz!

General Stats

  • This quiz has been taken 49 times
  • The average score is 5 of 9

Answer Stats

Answer% Correct
Poco
100%
Byron
83%
Pam
83%
Max
54%
Gus
51%
Doug
43%
Kit
37%
Ruffs
31%
Gray
26%

Score Distribution

Percentile by Number Answered

Percent of People with Each Score

Your Score History

You have not taken this quiz